[Event "Skopje Karposh op"]
[Site "Skopje"]
[Date "2016.04.01"]
[Round "1"]
[White "Ivanisevic, Ivan"]
[Black "Bitici, Gzim"]
[Result "1-0"]
[WhiteElo "2665"]
[BlackElo "2068"]
[PlyCount "71"]
[EventDate "2016.04.01"]
[EventType "swiss"]
[EventRounds "9"]
[EventCountry "MKD"]
[SourceTitle "CBM 171 Extra"]
[Source "ChessBase"]
[SourceDate "2016.04.26"]
[SourceVersion "1"]
[SourceVersionDate "2016.04.26"]
[SourceQuality "1"]

1. d4 Nf6 2. c4 g6 3. Nc3 d5 4. Nf3 Bg7 5. Qb3 c6 6. cxd5 Nxd5 7. e4 Nxc3 8. bxc3 0-0 9. Ba3 Qc7 10. Be2 Be6 11. Qb2 Rd8 12. Ng5 Bc8 13. Qb3 Rf8 14. Bc4 Bxd4 15. cxd4 Qa5+ 16. Kf1 Qxg5 17. h4 Qa5 18. Bxe7 b5 19. Bxf8 bxc4 20. Qa3 Qd2 21. Bb4 Qxd4 22. Bc3 Qd3+ 23. Kg1 Na6 24. h5 g5 25. Qa5 c5 26. h6 Bb7 27. Rh5 f6 28. Bxf6 Kf7 29. Bg7 Kg6 30. Rh3 Qxe4 31. Rg3 Rc8 32. Re1 Qd5 33. Qc3 Kf7 34. Rf3+ Kg8 35. Qf6 g4 36. Qf8+ 1-0